00353nam a2200145Ia 4500003000500000008004100005020001800046040001900064082000700083100001600090245003900106260004200145300000800187546001200195STCL181203s9999 xx 000 0 und d a9789350352137 aSTCLbENcSTCL 222 aPylee, M.V. 0aConstitutional Amendments in India bUniversal Law PublishingaDelhic2012 a948 aEnglish